01256cam a2200277 a 450000100100000000500170001000800410002704000250006808200190009310000350011224500950014724600110024226000390025330000280029250000630032050400520038360000360043565000330047165000330050470000340053704900090057195201230058095201290070395201290083299900170096100001868820250520140417.0100513s1972 sp a 000 0 spa d aDO-SdBNPbspacBNPHU a155.413bL614q1 aLerbert, Georgesd1936-94034910a¿Qué ha dicho verdaderamente Piaget /cGeorges Lerbert ; Traducción César Suárez.1 aPiaget aMadrid, España :bDoncel,c1972. a126 p. :bil. ;c18 cm. aIncluye datos biográficos del autor en la contraportada. aIncluye referencias bibliográficas p. 121-12614aPIAGET, JEAN,d1896-1980940350 0aPsicología infantil 92718 4aCognición en niños927221 aSuárez, Césaretr.940351 aBNGR 001054708MOaGRbGRcCTd2010-05-13iLF1l0o155.413 L614qp18688-10r2020-06-25w2020-06-25y4ZPréstamo en sala 001054728MOaGRbGRcCTd2010-05-18iLF1l0o155.413 L614qp18688-20r2020-06-25te. 2w2020-06-25y4ZPréstamo en sala 001054708MOaGRbGRcCTd2010-05-18iLF1l0o155.413 L614qp18688-30r2020-06-25te. 3w2020-06-25y4ZPréstamo en sala c18208d18208